000 00464cam a22001934a 4500
005 20250605164307.0
008 250528s ||||||||||||||||||||||||d
035 _a22329
020 _a9789603604198
040 _aGR-AtMCL
_bgre
_dGR-AtMCL
_eAACR2
245 1 _aΑΙΣΘΑΝΘΕΙΤΕ ΚΑΛΑ!
250 _a11
260 _bΠατάκης,
_c1994
300 _a455
700 1 _aBurns David D
_98182
942 _cBK
999 _c7383
_d7383